000
00322nam a2200133Ia 4500
005
20260328104310.0
008
260328s9999||||xx |||||||||||||| ||und||
100
_a
Clair, Kassia St.
245
4
_a
The Secret Lives of Color /
_c
Kassia St. Clair
260
_b
Penguin
300
_a
320 p.
650
_a
COLOR
942
_c
BK
999
_c
10932
_d
10932